<?xml version="1.0" encoding="UTF-8"?><?xml-stylesheet type="text/xsl" href="static/style.xsl"?><OAI-PMH xmlns="http://www.openarchives.org/OAI/2.0/" xmlns:xsi="http://www.w3.org/2001/XMLSchema-instance" xsi:schemaLocation="http://www.openarchives.org/OAI/2.0/ http://www.openarchives.org/OAI/2.0/OAI-PMH.xsd"><responseDate>2026-06-07T11:29:10Z</responseDate><request verb="GetRecord" identifier="oai:docta.ucm.es:20.500.14352/118970" metadataPrefix="marc">https://docta.ucm.es/rest/oai/request</request><GetRecord><record><header><identifier>oai:docta.ucm.es:20.500.14352/118970</identifier><datestamp>2025-03-26T10:44:45Z</datestamp><setSpec>com_20.500.14352_14</setSpec><setSpec>col_20.500.14352_18</setSpec></header><metadata><record xmlns="http://www.loc.gov/MARC21/slim" xmlns:dcterms="http://purl.org/dc/terms/" xmlns:xsi="http://www.w3.org/2001/XMLSchema-instance" xmlns:doc="http://www.lyncode.com/xoai" xsi:schemaLocation="http://www.loc.gov/MARC21/slim http://www.loc.gov/standards/marcxml/schema/MARC21slim.xsd">
   <leader>00925njm 22002777a 4500</leader>
   <datafield ind2=" " ind1=" " tag="042">
      <subfield code="a">dc</subfield>
   </datafield>
   <datafield ind2=" " ind1=" " tag="720">
      <subfield code="a">Ascaso del Rio, Ana</subfield>
      <subfield code="e">author</subfield>
   </datafield>
   <datafield ind2=" " ind1=" " tag="720">
      <subfield code="a">Iglesias Hernangómez, Teresa</subfield>
      <subfield code="e">author</subfield>
   </datafield>
   <datafield ind2=" " ind1=" " tag="720">
      <subfield code="a">Galán Caballero, Laura</subfield>
      <subfield code="e">author</subfield>
   </datafield>
   <datafield ind2=" " ind1=" " tag="260">
      <subfield code="c">2025-01</subfield>
   </datafield>
   <datafield ind2=" " ind1=" " tag="520">
      <subfield code="a">El capítulo 66 del libro "Farmacología Básica y Clínica" de Velázquez, en su 20ª edición, aborda la farmacología en geriatría, destacando las particularidades del uso de medicamentos en la población anciana:

El envejecimiento conlleva modificaciones en la composición corporal, como una disminución del agua total y de la masa muscular o un aumento de la grasa corporal. Estos cambios afectan la distribución de los fármacos, incrementando el volumen de distribución de medicamentos lipofílicos y reduciendo el de los hidrofílicos. Además, se observa una disminución de la albúmina sérica, lo que puede aumentar la fracción libre de fármacos que se unen a proteínas plasmáticas. Se altera la absorción, la distribución, el metabolismo y la excreción. Además, los ancianos suelen presentar múltiples patologías que requieren diversos tratamientos, aumentando el riesgo de interacciones farmacológicas. La polifarmacia se asocia a una mayor incidencia de efectos adversos y complicaciones terapéuticas. 

En resumen, la farmacoterapia en geriatría requiere una atención especial debido a los cambios fisiológicos asociados al envejecimiento, la presencia de múltiples patologías y el riesgo elevado de interacciones y efectos adversos. Una evaluación integral y un enfoque individualizado son esenciales para garantizar una terapia segura y eficaz en la población anciana.</subfield>
   </datafield>
   <datafield ind1="8" ind2=" " tag="024">
      <subfield code="a">9788411064484</subfield>
   </datafield>
   <datafield ind1="8" ind2=" " tag="024">
      <subfield code="a">9788411064491</subfield>
   </datafield>
   <datafield ind1="8" ind2=" " tag="024">
      <subfield code="a">https://hdl.handle.net/20.500.14352/118970</subfield>
   </datafield>
   <datafield ind2="0" ind1="0" tag="245">
      <subfield code="a">Utilización de fármacos en geriatría</subfield>
   </datafield>
</record></metadata></record></GetRecord></OAI-PMH>